000 00536nam a22002297a 4500
999 _c458603
_d458603
001 5150436
003 UA-OsUOA
005 20200326100949.0
008 200326b un ||||| |||| 00| 0 ukr d
040 _aUA-OsUOA
_bukr
_cUA-OsUOA
_dUA-OsUOA
041 _aukr
080 _a82.09
090 _a82.09
_bВ63
100 _aВоеводин В
245 _aПовесть о Пушкине
260 _aЛенинград
_c1949
300 _a159 с.
650 _282.09
650 _282.09
942 _2udc
_cBK
955 _a3